000 00749cam a2200277 i 4500
001 768714001
003 CO-MdFUSB
005 20241204131050.0
007 ta
008 241204t1921 -us||||| |||| 00| 0 eng d
040 _cCO-MdFUSB
041 0 _aeng
082 0 4 _223
_a237.4
_bB765h
100 1 _aBounds, Edward M. (McKendree) (1835-1913)
_eautor
245 1 0 _aHeaven :
_bA place, a city, a home
_c/ Edward M. Bounds
264 1 _aNew York, NY., USA :
_bFleming H. Revell,
_c[1924]
264 4 _c©1924
300 _a151 páginas
336 _atexto
_btxt
_2rdacontent
337 _2rdamedia
_asin mediación
_bn
338 _2rdacarrier
_avolumen
_bnc
563 _aRustico
653 _aEscatología
942 _cBK
945 _aMiguel
999 _c35168
_d35168